Zadluženost vězněných osob jako příčina jejich recidivy

Analýza zadĺženosti uväznených osôb, ktorá môže prispieť k ich následnej sekundárnej trestnej činnosti. Teoretické východiská predstavujú opis zadlženosti odsúdených osôb, ktorá má zásadný vplyv na ich následnú trestnú činnosť po výkone trestu. Hoci osoby vo výkone trestu majú možnosť svoje dlhy spl...

ver descrição completa

Na minha lista:
Detalhes bibliográficos
Autor principal: Juříček, Petr
Outros Autores: Smolík, Josef
Formato: Capítulo de Livro
Idioma:tcheco
Assuntos:
Tags: Adicionar Tag
Sem tags, seja o primeiro a adicionar uma tag!

MARC

LEADER 00000naa a2200000 4500
001 0304765
005 20241023111917.9
041 0 |a cze 
044 |a CZ 
245 1 0 |a Zadluženost vězněných osob jako příčina jejich recidivy  |c Petr Juříček, Josef Smolík 
520 |a Analýza zadĺženosti uväznených osôb, ktorá môže prispieť k ich následnej sekundárnej trestnej činnosti. Teoretické východiská predstavujú opis zadlženosti odsúdených osôb, ktorá má zásadný vplyv na ich následnú trestnú činnosť po výkone trestu. Hoci osoby vo výkone trestu majú možnosť svoje dlhy splatiť do civilného života sa vracajú s dlhmi. Túto situáciu by bolo možné riešiť počas výkonu trestu (napr. zvyšovaním finančnej gramotnosti). Implikáciou v oblasti sociálnej práce je nastavenie efektívnejších metód sociálnej práce s uväznenými osobami s cieľom zvyšovania finančnej gramotnosti. 
610 2 0 |a práca sociálna 
610 2 0 |a osoby fyzické 
610 2 0 |a činy trestné 
610 2 0 |a exekúcia 
610 2 0 |a pohľadávky 
610 2 0 |a splátky 
610 2 0 |a zariadenia nápravno-výchovné 
610 2 0 |a programy sociálne 
100 1 |a Juříček, Petr 
700 1 |a Smolík, Josef